| 000 | 00627 a2200229 4500 | ||
|---|---|---|---|
| 020 | _a0-471-62194-3 | ||
| 020 | _a0-471-50316-9 (international ed.) | ||
| 040 |
_aDLC _bDLC |
||
| 082 | 0 | _a537 | |
| 082 | 0 | _a537 | |
| 082 | 0 | _a537 | |
| 100 | 1 | _aBalanis, Constantine A. | |
| 245 | 1 | 0 |
_aAdvanced engineering electromagnetics _cConstantine A. Balanis |
| 260 |
_aNew York : _bWiley, _ccop. 1989 |
||
| 300 |
_axx, 981 s. : _bill., diagr., tab. |
||
| 650 | 0 | _aElectromagnetism | |
| 650 | 0 | _aElektromagnetism | |
| 650 | 0 | _aElectromagnetism | |
| 650 | 0 | _aElektromagnetism | |
| 650 | 0 | _aElectromagnetism | |
| 942 |
_cBK _k537 BAL _2ddc |
||
| 999 |
_c4423 _d4423 |
||